Licitações sustentáveis : (Record no. 876)

MARC details
000 -LÍDER
Campo Fixo de Controle 00854nam a2200241 a 4500
001 - NÚMERO DE CONTROLE
Campo de Controle 876
003 - IDENTIFICAÇÃO DO NÚMERO DE CONTROLE
Campo de Controle BR-CuiBMT
005 - DATA E HORA DA ÚLTIMA ATUALIZAÇÃO
Campo de Controle 20231122030444.0
008 - DADOS FIXOS
Dados Fixos 231108s2014 mgba 000 0 por d
020 ## - INTERNATIONAL STANDARD BOOK NUMBER
Nº do ISBN 9788538403647
040 ## - AGÊNCIA CATALOGADORA
Código da Agência Catalogadora BR-CuiBMT
Agência que transcreveu o registro BR-CuiBMT
080 ## - Nº DA CLASSIFICAÇÃO DECIMAL UNIVERSAL
Nº edição CDU 2007
Nº Class. CDU 351.712:502.131.1
090 ## - NÚMERO DE CHAMADA
Nº classificação 351.712:502.131.1
Cutter B624l
100 1# - ENTRADA PRINCIPAL -- AUTOR PESSOAL
Nome pessoal Bittencourt, Sidney
245 10 - TÍTULO PRINCIPAL
Título principal Licitações sustentáveis :
Subtítulo o uso do poder de compra do estado fomentando o desenvolvimento nacional sustentável /
Indicação de responsabilidade Sidney Bittencourt ; prefácio Leonardo Coelho Ribeiro.
260 ## - PUBLICAÇÃO, DISTRIBUIÇÃO, ETC.
Local de publicação Belo Horizonte :
Editora DelRey,
Data 2014.
300 ## - DESCRIÇÃO FÍSICA
N. páginas ou volumes xvii, 197 p. :
Ilustrações il. ;
Dimensões 23 cm
504 ## - NOTA DE BIBLIOGRAFIA, ETC.
Nota de bibliografia Inclui bibliografia e índice.
650 ## - ASSUNTO TÓPICO
Cabeçalho tópico ou nome geográfico Licitação sustentável
Subdivisão geográfica Brasil
650 ## - ASSUNTO TÓPICO
Cabeçalho tópico ou nome geográfico Contratações sustentáveis
Subdivisão geográfica Brasil
650 ## - ASSUNTO TÓPICO
Cabeçalho tópico ou nome geográfico Ética ambiental
Subdivisão geográfica Brasil
942 ## - ELEMENTOS DE ENTRADA ADICIONAIS (KOHA)
Fonte de classificação ou esquema de arquivamento Classificação Decimal Universal
Tipo de item do Koha Livros
Holdings
Estado: removido Estado: perdido Fonte de classificação ou esquema de arquivamento Estado: danificado Indisponível para empréstimo Localização permanente Localização atual Data de aquisição Total Checkouts Número de Chamada completo Código de barras Date last seen Número do exemplar Preço efetivo a partir de Tipo de item (Koha)
    Classificação Decimal Universal     Biblioteca da Escola Superior de Contas do TCE/MT Biblioteca da Escola Superior de Contas do TCE/MT 22/11/2023   351.712:502.131.1 B624l BIBTCEMT23110821 22/11/2023 Ex. 1 22/11/2023 Livros

Powered by Koha